| 000 | 00876nmm a2200289 a 4500 | ||
|---|---|---|---|
| 001 | ocm000576610 | ||
| 003 | TR-IsHL | ||
| 005 | 20201028122743.0 | ||
| 008 | 110704s2009 tu tur | ||
| 007 | cr cn | ||
| 020 | _a9789758606795 | ||
| 035 |
_a576610 _b(N$T) |
||
| 050 | 0 | 4 |
_aHF1359 _b.Ö93 2009 |
| 090 | 0 | 4 |
_aHF1359 _b.Ö93 2009 |
| 100 | 1 | _aÖzdemir, Abdullah | |
| 245 | 1 | 0 |
_aKüreselleşme _h[electronic resource] / _cAbdullah Özdemir ; Mümin Eser |
| 250 | _a1. bs. | ||
| 260 |
_aBursa : _bEzgi Kitabevi, _c2009 |
||
| 300 | _a292 p. | ||
| 650 | 4 | _aEkonomi ve Finans | |
| 650 | 4 | _aEconomics and Finance | |
| 650 | 0 | _aKüreselleşme | |
| 650 | 0 | _aGlobalization | |
| 650 | 7 |
_aPOLITICAL SCIENCE / Globalization _2bisacsh |
|
| 700 | 1 | _aEser, Mümin | |
| 856 | 4 | 0 | _uhttp://search.ebscohost.com/login.aspx?direct=true&scope=site&db=e011xww&AN=576610 |
| 999 |
_c2038 _d2038 |
||